ბათუმის შოთა რუსთაველის სახელმწიფო უნივერსიტეტის ბიბლიოთეკა

К археологии долины Фасиса (Риони) / (ბიბ.ჩანაწერი № 60856)

000 -LEADER
fixed length control field 00993nam a22001817a 4500
005 - DATE AND TIME OF LATEST TRANSACTION
control field 20231110150837.0
008 - FIXED-LENGTH DATA ELEMENTS--GENERAL INFORMATION
fixed length control field 231110s1992 ru ||||| |||| 00| 0 rus d
041 ## - LANGUAGE CODE
Language code of text/sound track or separate title rus
080 ## - UNIVERSAL DECIMAL CLASSIFICATION NUMBER
Universal Decimal Classification number 902(395.31) Г-18
100 ## - MAIN ENTRY--PERSONAL NAME
Personal name Гамкрелидзе, Г.А.
9 (RLIN) 20329
245 ## - TITLE STATEMENT
Title К археологии долины Фасиса (Риони) /
Statement of responsibility, etc. Г.А. Гамкрелидзе; Ред. О.Д. Лордкипанидзе; Академия наук Грузии, Центр археологических исследований; Грузинское общество охраны памятников истории и культуры.
264 ## - PRODUCTION, PUBLICATION, DISTRIBUTION, MANUFACTURE, AND COPYRIGHT NOTICE
Place of production, publication, distribution, manufacture Тбилиси :
Name of producer, publisher, distributor, manufacturer Мецниереба,
Date of production, publication, distribution, manufacture, or copyright notice 1992.
300 ## - PHYSICAL DESCRIPTION
Extent 134 с. :
Other physical details ил. ;
Dimensions 20 см.
521 ## - TARGET AUDIENCE NOTE
Target audience note ბიბლიოგრაფია: გვ.118-130.
653 ## - INDEX TERM--UNCONTROLLED
keyword საქართველოს არქეოლოგია
653 ## - INDEX TERM--UNCONTROLLED
keyword ფასისის (რიონის) ხეობა
942 ## - ADDED ENTRY ELEMENTS (KOHA)
Source of classification or shelving scheme
Koha item type წიგნი
ეგზემპლარები
Withdrawn status Lost status Source of classification or shelving scheme Damaged status Not for loan Permanent Location Current Location Shelving location Date acquired Cost, normal purchase price Full call number Barcode Date last seen Copy number Uniform Resource Identifier Price effective from Koha item type Public note
          ბათუმის შოთა რუსთაველის სახელმწიფო უნივერსიტეტის მთავარი ბიბლიოთეკა ბათუმის შოთა რუსთაველის სახელმწიფო უნივერსიტეტის მთავარი ბიბლიოთეკა წიგნსაცავი 2023-11-10 8.00 902(395.31) Г-18 65411 2023-11-10 65411 ბსუ-ს საპატიო დოქტორის გურამ ლორთქიფანიძის საჩუქარი 2023-11-10 წიგნი 8 ლ.